000 00896aam a2200325 4500
005 20250811090609.0
008 150610b2006 xxu||||| |||| 00| 0 spa d
020 _a9580494843
041 _aESP
082 _a658.409.2 J54p
100 _aJennings, Jason
_924135
245 _aPiense en grande, actue en pequeño
260 _aCosta Rica
260 _bNorma
260 _c2006
300 _a311 páginas
490 _aDirección y Administración de Empresas
650 _aLIDERAZGO EJECUTIVO
650 _aEMPRENDEDORES
650 _aÉXITO EN LOS NEGOCIOS
650 _aAPTITUD DE MANDO
650 _aCULTURA CORPORATIVA
650 _aCULTURA ORGANIZACIONAL
650 _aDESARROLLO EMPRESARIAL
650 _aLIDERAZGO EMPRESARIAL
650 _aGESTIÓN DE NEGOCIOS
650 _aINNOVACIÓN EMPRESARIAL
650 _aESTRATEGIAS DE CRECIMIENTO
942 _cLIT
_2ddc
999 _c2779
_d2779